000 00465nam a22001817a 4500
003 UA-OsUOA
001 129784
007 ta
008 20180322b un ||||| |||| 00| 0 ukr d
100 _aBush David V.
942 _cEB
040 _aUA-OsUOA
_beng
_cUA-OsUOA
_dUA-OsUOA
245 _aThe Silence: What It Is and How To Use It
955 _a2
041 _aeng
856 4 0 _uhttp://digilibraries.com/ebook/the-silence-what-it-is-and-how-to-use-it
650 7 _2UDC
999 _c417697
_d417697